الأزهر جامعًا وجامعة / (Record no. 7405)
[ view plain ]
| 000 -الفاتح | |
|---|---|
| حقل البيانات ثابتة الطول | 00848cac a22002295a 4500 |
| 003 - محدد رقم الضبط | |
| رقم الضبط | OSt |
| 005 - وقت وتاريخ اخر تعامل مع التسجيلة | |
| رقم الضبط | 20150811151415.0 |
| 008 - عناصر البيانات ثابتة الطول - معلومات عامة | |
| حقل البيانات ثابتة الطول | 100721s1984 ua|||||r||| 000 0 ra d |
| 040 ## - مصدر الفهرسة | |
| لغة الفهرسة | ara |
| 082 04 - رقم تصنيف ديوى العشرى | |
| رقم التصنيف | 215.96216 |
| رقم المادة | ش ن ا |
| رقم الطبعة | 22 |
| 100 ## - المدخل الرئيسى - إسم شخصى | |
| الإسم الشخصى | الشناوي ، عبد العزيز محمد |
| 9 (RLIN) | 16596 |
| 245 ## - بيان العنوان | |
| العنوان | الأزهر جامعًا وجامعة / |
| بيان المسئوليه,etc | عبد العزيز محمد الشناوي |
| 260 ## - PUBLICATION, DISTRIBUTION, ETC. (IMPRINT) | |
| مكان الناشر او الموزع | القاهرة : |
| اسم الناشر او الموزع | مكتبة الانجلو المصرية ، |
| تاريخ النشر أو التوزيع | [1983-1984] |
| 300 ## - الوصف المادى | |
| التعداد | 2 مج ؛ |
| أبعاد الوعاء | 24 سم. |
| 504 ## - تبصرة ببليوجرافية | |
| تبصرة ببليوجرافية,الخ | يشتمل على إرجاعات ببليوجرافية :ص 839-870 |
| 541 ## - تبصرة المصدر المباشر للتزويد | |
| مصدر التزويد | الف باء ؛ |
| طريقة التزويد | شراء ؛ |
| 590 ## - تبصرة محلية(RLIN) | |
| تبصرة محلية | Doha Ragab |
| 650 ## - المدخل الاضافى بالموضوع-مصطلح موضوعى | |
| مصطلح موضوعي أو اسم جغرافي كعنصر مدخل | (الأزهر( جامع |
| 9 (RLIN) | 8519 |
| مصدر الرأس أو المصطلح | BUEsh |
| 650 ## - المدخل الاضافى بالموضوع-مصطلح موضوعى | |
| مصطلح موضوعي أو اسم جغرافي كعنصر مدخل | جامعة الأزهر |
| 9 (RLIN) | 8521 |
| مصدر الرأس أو المصطلح | BUEsh |
| 651 ## - المدخل الاضافى بالموضوع - اسم جغرافى | |
| مصدر الرأس أو المصطلح | BUEsh |
| 942 ## - عناصر المدخل الإضافي( كوها) | |
| Koha [default] item type | Book - Borrowing |
| سابقة رقم الطلب | 215.96216 ش ن ا |
| مصدر التصنيف او مخطط الترفيف | Dewey Decimal Classification |
| حالة التراجع | حالة الفقد | مصدر التصنيف او خطة الترفيف | حالة تلف | ليس للاعارة | مجموعات كوها | المكان الدائم | المكان الحالي | موقع الترفيف | تاريخ الاكتساب | Source of acquisition | رقم الاستدعاء | الباركود | Date last seen | نوع الوعاء | تبصرة عامة |
|---|---|---|---|---|---|---|---|---|---|---|---|---|---|---|---|
| Dewey Decimal Classification | Alef-Baa | Central Library | Central Library | Lower Floor | 25/07/2010 | 215.96216 ش ن ا | 000008872 | 15/07/2025 | Book - Borrowing | مج 2 | |||||
| Dewey Decimal Classification | Alef-Baa | Central Library | Central Library | Lower Floor | 25/07/2010 | 215.96216 ش ن ا | 000007730 | 15/07/2025 | Book - Borrowing | ج1 |